| 000 | 00557nam a2200181 i 4500 | ||
|---|---|---|---|
| 001 | 87440 | ||
| 003 | ES-MaACL | ||
| 005 | 20230906175655.0 | ||
| 007 | t| | ||
| 008 | 041221s1942 sp ||||1| spa d | ||
| 100 | 1 |
_aKucera, Enrique. _968945 |
|
| 245 | 1 | 0 |
_aMétodo Kucera _b: alemán : curso de conversación : primer libro / _cpor Enrique Kucera. |
| 250 | _a[1ª ed.]. | ||
| 260 |
_aBarcelona : _b[s.n., _c1942] ( _fJ. Horta y Cª) |
||
| 300 |
_a112 p. : _bil. ; _c22 cm. |
||
| 852 |
_aES-MaACL _jB-10765 _bR.22447 |
||
| 852 |
_aES-MaACL _jD-5844 _bR.31484 |
||
| 999 |
_c87440 _d87440 |
||